|
|
|
|
| LEADER |
00000nam0a2200000 4500 |
| 001 |
211127 |
| 005 |
20231101225646.0 |
| 035 |
|
|
|a (RuTPU)RU\TPU\book\230608
|
| 090 |
|
|
|a 211127
|
| 100 |
|
|
|a 20120311d2011 m y0rusy50 ca
|
| 101 |
0 |
|
|a rus
|
| 102 |
|
|
|a RU
|
| 105 |
|
|
|a a j 001zy
|
| 200 |
1 |
|
|a Вакуумная, плазменная и твердотельная электроника
|e практикум
|e учебное пособие
|f Ю. В. Мутовин
|g Национальный исследовательский Томский политехнический университет (ТПУ)
|
| 210 |
|
|
|a Томск
|c Изд-во ТПУ
|d 2011
|
| 215 |
|
|
|a 159 с.
|c ил.
|
| 320 |
|
|
|a Библиогр.: с. 158.
|
| 330 |
|
|
|a Практикум включает в себя восемь лабораторных работ. В частности, первые три работы посвящены изучению явлений термоэлектронной эмиссии, вторичной электронной эмиссии, а также процессов развития разряда в газовой среде. Последующие пять работ связаны с исследованием статических характеристик и параметров некоторых типов полупроводниковых приборов, в частности диодов, стабилитронов, биполярных и полевых транзисторов, тиристоров, а также оптоэлектронных приборов. Практикум содержит необходимые теоретические сведения, программу, методические указания и контрольные вопросы по каждой лабораторной работе.Предназначен для студентов, обучающихся по направлению 210100 (550700)"Электроника и микроэлектроника".
|
| 606 |
1 |
|
|a Электроника вакуумная
|2 stltpush
|3 (RuTPU)RU\TPU\subj\20318
|9 45427
|
| 606 |
1 |
|
|a Электроника плазменная
|2 stltpush
|3 (RuTPU)RU\TPU\subj\20333
|9 45442
|
| 606 |
1 |
|
|a Электроника твердотельная
|2 stltpush
|3 (RuTPU)RU\TPU\subj\20341
|9 45450
|
| 610 |
1 |
|
|a термоэлектронная эмиссия
|
| 610 |
1 |
|
|a измерение
|
| 610 |
1 |
|
|a параметры
|
| 610 |
1 |
|
|a ионные приборы
|
| 610 |
1 |
|
|a газовый разряд
|
| 610 |
1 |
|
|a полупроводниковые диоды
|
| 610 |
1 |
|
|a стабилитроны
|
| 610 |
1 |
|
|a характеристика
|
| 610 |
1 |
|
|a биполярные транзисторы
|
| 610 |
1 |
|
|a полевые транзисторы
|
| 610 |
1 |
|
|a триодные тиристоры
|
| 610 |
1 |
|
|a оптоэлектронные приборы
|
| 610 |
1 |
|
|a лабораторные работы
|
| 610 |
1 |
|
|a лабораторные практикумы
|
| 610 |
1 |
|
|a учебные пособия
|
| 610 |
1 |
|
|a труды учёных ТПУ
|
| 675 |
|
|
|a 621.385(076.5)
|v 3
|
| 675 |
|
|
|a 621.387.143(076.5)
|v 3
|
| 675 |
|
|
|a 621.382(076.5)
|v 3
|
| 700 |
|
1 |
|a Мутовин
|b Ю. В.
|c специалист в области электроники
|c доцент Томского политехнического университета, кандидат технических наук
|f 1950-
|g Юрий Васильевич
|2 stltpush
|3 (RuTPU)RU\TPU\pers\29195
|
| 712 |
0 |
2 |
|a Национальный исследовательский Томский политехнический университет (ТПУ)
|c (2009- )
|2 stltpush
|3 (RuTPU)RU\TPU\col\15902
|
| 801 |
|
1 |
|a RU
|b 63413507
|c 20120311
|
| 801 |
|
2 |
|a RU
|b 63413507
|c 20210907
|g RCR
|
| 942 |
|
|
|c BK
|